000 00616nam a2200169 a 4500
008 091204s1992 ||||||||||||||||| || u
050 _aPAPERS/STAFF
100 _aChipumbu, G. M
245 1 4 _aThe impact of external debt on African economies and the challenges for the 1990s
260 _aLusaka
_c1992
300 _a17p.
350 _a0.00
650 0 _aECONOMICS
650 _aDEBTS, EXTERNAL
650 _aDEBT, PUBLIC--DEVELOPING COUNTRIES
995 _D0.00
_FCBU-MAIN LIBRARY (Kitwe)
_H1
_I0.00
_M1
_UAVAILABLE
_WDec 4, 2009
_ZUniversity Collection
999 _c46269
_d46269